| 000 | 00483nam a2200193Ia 4500 | ||
|---|---|---|---|
| 005 | 20240823025816.0 | ||
| 008 | 240823s9999||||xx |||||||||||||| ||und|| | ||
| 020 | _a81-8094-027-6 | ||
| 041 | _aENGLISH | ||
| 082 | _A548.81 P9 | ||
| 100 | _a"Russell,Peter J et al." | ||
| 245 | 0 | _aCell and Molecular Biology | |
| 250 | _a1st | ||
| 260 |
_c2009 _bCengage Learning _aNew Delhi |
||
| 500 | _aTRANSFERED | ||
| 650 |
_aBiology _bBio Medical Engg. |
||
| 942 | _cBK | ||
| 999 |
_c187207 _d187207 |
||